Diccionario de derecho romano
Tallennettuna:
| Päätekijä: | |
|---|---|
| Aineistotyyppi: | Kirja |
| Kieli: | espanja |
| Julkaistu: |
Madrid
Instituto Editorial Reus
1948
|
| Aiheet: | |
| Tagit: |
Lisää tagi
Ei tageja, Lisää ensimmäinen tagi!
|
MARC
| LEADER | 00000nam a2200000 a 4500 | ||
|---|---|---|---|
| 001 | UCT6928 | ||
| 003 | CL-VaPUC | ||
| 008 | 970113e19480000SP |||||||||||||||||spa|d | ||
| 082 | 0 | 4 | |a 340.54 |b GUT |2 21 |
| 100 | |a Gutiérrez-Alviz y Armario, Faustino |e author |9 618411 | ||
| 245 | 1 | 0 | |a Diccionario de derecho romano |
| 300 | |a 637 p | ||
| 942 | |c BK | ||
| 945 | |d 19970113 00:00:00 |a paguirre | ||
| 260 | |a Madrid |b Instituto Editorial Reus |c 1948 | ||
| 650 | 0 | |a Diccionarios |9 256200 | |
| 650 | 7 | |a DERECHO |2 CL-VaPUC |9 377352 | |
| 650 | 0 | |a Derecho romano |9 255930 | |
| 650 | 7 | |a INSTITUCIONES PRIMITIVAS |2 CL-VaPUC |9 377353 | |
| 650 | 7 | |a CONCEPTOS DEL DERECHO |2 CL-VaPUC |9 377354 | |
| 583 | |a last modification |c 19970113 00:00:00 |k Rodrigo Vera | ||
| 999 | |c 255597 |d 255595 | ||
| 952 | |0 0 |1 0 |4 0 |6 340_540000000000000_GUT_1948 |7 0 |8 F |9 277908 |a BIBDER |b BIBDER |d 2019-11-19 |i 1804367 |l 1 |o 340.54 GUT 1948 |p 1804367 |r 2023-01-25 |s 2022-10-26 |w 2019-11-19 |y BK_F |k DER | ||